000 003780000a22001570004500
003 MACL
040 _aMACL
090 _c6548
_d6547
100 _aRastogi, Dr M K
245 _aPt Govind Ballabh Pant
_bLife and his Contribution to the Indian Politics
260 _bGyanodaya Prakashan
_c1987
350 _a150
650 _aBiography
942 _cBOOK
_k920
951 _o920 BOOK
999 _c6500
_d6500